Ser mujer indígena, chola o birlocha en la Bolivia postcolonial de los años 90 /
Uloženo v:
| Hlavní autor: | |
|---|---|
| Korporativní autor: | |
| Další autoři: | , , , |
| Médium: | Text |
| Vydáno: |
La Paz:
Subsecretaría de Asuntos de Género
|
| Témata: | |
| Tagy: |
Přidat tag
Žádné tagy, Buďte první, kdo vytvoří štítek k tomuto záznamu!
|
MARC
| LEADER | 00000 a a2200000 04500 | ||
|---|---|---|---|
| 001 | 38946 | ||
| 003 | |||
| 040 | |||
| 090 | |a 1001 R621s | ||
| 100 | |a Arnold, Denise | ||
| 110 | |a Bolivia. Ministerio de Desarrollo Humano. Secretaria General de Asuntos Etnicos, de Género y Generacionales. Subsecretaría de Asuntos de Género | ||
| 245 | |a Ser mujer indígena, chola o birlocha en la Bolivia postcolonial de los años 90 / |c Denise Arnold | ||
| 260 | |a La Paz: |b Subsecretaría de Asuntos de Género | ||
| 300 | |a 451 p. | ||
| 650 | |a ANALISIS HISTORICO | ||
| 650 | |a GENERO | ||
| 650 | |a ETNICIDAD | ||
| 650 | |a IDENTIDAD CULTURAL | ||
| 650 | |a ESTRUCTURA DE FAMILIA | ||
| 650 | |a MIGRACION | ||
| 650 | |a TRABAJO | ||
| 650 | |a AMERICA DEL SUR | ||
| 700 | |a Dios Yapita, Juan de | ||
| 700 | |a Lehm, Zulema | ||
| 700 | |a Rivera Cusicanqui, Silvia | ||
| 700 | |a comp | ||
| 999 | |c 11577 |d 11577 | ||
